[Event "SF Beelen 1 - SC Gronau 1"]
[Site "Regionalliga 2017/2018"]
[Date "2017.12.02"]
[Round "4.1"]
[White "Bündgen, Achim"]
[Black "Henke, Wolfgang"]
[Result "1/2-1/2"]
[WhiteElo "2119"]
[BlackElo "1792"]
[PlyCount "76"]
[EventDate "2017.??.??"]
[SourceTitle "Verband Muensterland"]
[SourceDate "2017.09.15"]
[SourceVersion "1"]
[SourceVersionDate "2017.09.15"]
[SourceQuality "1"]

1. e4 c5 2. b3 Nc6 3. Bb2 d6 4. Bb5 Bd7 5. f4 e6 6. Nf3 Nf6 7. Qe2 a6 8. Bxc6
Bxc6 9. d3 Be7 10. O-O O-O 11. Nbd2 b5 12. c4 Qc7 13. e5 Nd7 14. exd6 Qxd6 15.
Ne4 Qc7 16. Ne5 Nxe5 17. fxe5 Bxe4 18. Qxe4 Bg5 19. Rf3 Qe7 20. Raf1 Ra7 21.
Rg3 f5 22. exf6 Bxf6 23. Rgf3 Rd7 24. Bxf6 gxf6 25. Qg4+ Kh8 26. Qh4 f5 27.
Qxe7 Rxe7 28. g4 Rg8 29. h3 fxg4 30. hxg4 Rxg4+ 31. Kf2 h5 32. Re1 Rg5 33. Rf6
Kg7 34. Rexe6 Rxe6 35. Rxe6 h4 36. cxb5 axb5 37. a4 bxa4 38. bxa4 h3 1/2-1/2

[Event "SF Beelen 1 - SC Gronau 1"]
[Site "Regionalliga 2017/2018"]
[Date "2017.12.02"]
[Round "4.2"]
[White "Hofene, Dieter"]
[Black "Monsma, Menno"]
[Result "1/2-1/2"]
[WhiteElo "2007"]
[BlackElo "2030"]
[PlyCount "73"]
[EventDate "2017.??.??"]
[SourceTitle "Verband Muensterland"]
[SourceDate "2017.09.15"]
[SourceVersion "1"]
[SourceVersionDate "2017.09.15"]
[SourceQuality "1"]

1. e4 c5 2. Nc3 a6 3. g3 b5 4. Bg2 Bb7 5. d3 e6 6. Nf3 d6 7. O-O Nf6 8. Bg5 Be7
9. Qd2 h6 10. Bf4 e5 11. Be3 Ng4 12. Nd5 Bxd5 13. exd5 Nd7 14. Qe2 Nxe3 15.
fxe3 O-O 16. Nd2 Nf6 17. a4 Qd7 18. b3 Ra7 19. Qf3 Rfa8 20. Ne4 Bd8 21. Nf2 c4
22. Bh3 Qb7 23. bxc4 bxc4 24. dxc4 Qb4 25. Ne4 Nxe4 26. Qxe4 Rc7 27. Rab1 Qxc4
28. Qxc4 Rxc4 29. Rb7 Bc7 30. Bf5 g6 31. Bd3 Rc5 32. Rfb1 h5 33. Kf1 Kf8 34.
Ke2 Ke8 35. e4 Kd8 36. Rf1 Ke8 37. Rfb1 1/2-1/2

[Event "SF Beelen 1 - SC Gronau 1"]
[Site "Regionalliga 2017/2018"]
[Date "2017.12.02"]
[Round "4.3"]
[White "Ellenbroek, Ton"]
[Black "Hanewinkel, Winfried"]
[Result "1-0"]
[WhiteElo "1977"]
[BlackElo "1910"]
[PlyCount "41"]
[EventDate "2017.??.??"]
[SourceTitle "Verband Muensterland"]
[SourceDate "2017.09.15"]
[SourceVersion "1"]
[SourceVersionDate "2017.09.15"]
[SourceQuality "1"]

1. e4 c5 2. Nf3 Nc6 3. Bb5 g6 4. c3 Nf6 5. e5 Nd5 6. O-O Bg7 7. d4 cxd4 8. cxd4
O-O 9. Nc3 Nxc3 10. bxc3 d6 11. exd6 exd6 12. Bg5 Qc7 13. Re1 b6 14. d5 Ne5 15.
Nxe5 Bxe5 16. f4 Qc5+ 17. Kh1 Qxb5 18. fxe5 dxe5 19. Bf6 Bb7 20. Rxe5 Rfe8 21.
Qd2 1-0

[Event "SF Beelen 1 - SC Gronau 1"]
[Site "Regionalliga 2017/2018"]
[Date "2017.12.02"]
[Round "4.4"]
[White "Cigelski, Rudolf"]
[Black "Lütkehermölle, Martin"]
[Result "0-1"]
[WhiteElo "1836"]
[BlackElo "1972"]
[PlyCount "110"]
[EventDate "2017.??.??"]
[SourceTitle "Verband Muensterland"]
[SourceDate "2017.09.15"]
[SourceVersion "1"]
[SourceVersionDate "2017.09.15"]
[SourceQuality "1"]

1. d4 Nf6 2. c4 e6 3. Nf3 b6 4. g3 Bb7 5. Bg2 Be7 6. Bf4 O-O 7. O-O d6 8. Nc3
Ne4 9. Qc2 f5 10. h4 Nd7 11. b4 h6 12. Rad1 Qe8 13. Ne1 Nxc3 14. Qxc3 Bxg2 15.
Nxg2 Qh5 16. Qf3 Qxf3 17. exf3 g5 18. hxg5 hxg5 19. Bc1 a5 20. b5 Kf7 21. Ne3
Kg6 22. Kg2 Rh8 23. Rh1 Bf6 24. Nc2 Rac8 25. f4 Rxh1 26. Rxh1 g4 27. f3 gxf3+
28. Kxf3 c6 29. Rh2 cxb5 30. cxb5 Rc3+ 31. Be3 e5 32. dxe5 dxe5 33. Rd2 Nc5 34.
Kg2 e4 35. Bf2 Nd3 36. Bxb6 Rxc2 37. Rxc2 Ne1+ 38. Kf1 Nxc2 39. Bxa5 Ne3+ 40.
Ke2 Nc4 41. Bc7 Bc3 42. a4 Kf7 43. g4 fxg4 44. Kf2 Ke6 45. Bb8 Kf5 46. Bc7 e3+
47. Ke2 Ke4 48. Bb8 g3 49. f5 g2 50. Bh2 Be5 51. Bg1 Kxf5 52. Kf3 Bc7 53. Kxg2
Ke4 54. Kf1 Kd3 55. Ke1 Ba5+ 0-1

[Event "SF Beelen 1 - SC Gronau 1"]
[Site "Regionalliga 2017/2018"]
[Date "2017.12.02"]
[Round "4.5"]
[White "Langendijk, Andre"]
[Black "Hofene, Josef"]
[Result "1-0"]
[WhiteElo "1926"]
[BlackElo "1757"]
[PlyCount "61"]
[EventDate "2017.??.??"]
[SourceTitle "Verband Muensterland"]
[SourceDate "2017.09.15"]
[SourceVersion "1"]
[SourceVersionDate "2017.09.15"]
[SourceQuality "1"]

1. d4 Nf6 2. Bg5 e6 3. e3 d5 4. Nd2 c5 5. c3 Nc6 6. Bd3 h6 7. Bh4 cxd4 8. exd4
Be7 9. Qe2 a6 10. f4 Nd7 11. Bxe7 Qxe7 12. Ngf3 b5 13. O-O O-O 14. Ne5 Na5 15.
b4 Nc4 16. Nb3 Qd6 17. Rf3 f5 18. a4 Rb8 19. axb5 axb5 20. Nc5 Nxc5 21. bxc5
Qc7 22. Rg3 Nxe5 23. fxe5 Bd7 24. Qh5 Kh8 25. Qg6 Bc8 26. Rf1 Qe7 27. Rh3 Bd7
28. Rff3 Be8 29. Rxh6+ gxh6 30. Qxh6+ Qh7 31. Qxf8+ 1-0

[Event "SF Beelen 1 - SC Gronau 1"]
[Site "Regionalliga 2017/2018"]
[Date "2017.12.02"]
[Round "4.6"]
[White "Schemmann, Bernhard"]
[Black "Storck, Martin"]
[Result "0-1"]
[WhiteElo "1844"]
[BlackElo "1935"]
[PlyCount "58"]
[EventDate "2017.??.??"]
[SourceTitle "Verband Muensterland"]
[SourceDate "2017.09.15"]
[SourceVersion "1"]
[SourceVersionDate "2017.09.15"]
[SourceQuality "1"]

1. e4 e5 2. Bc4 Nf6 3. d4 Nxe4 4. dxe5 Ng5 5. Nf3 Ne6 6. O-O Be7 7. Nc3 b6 8.
Qe2 Bb7 9. Be3 O-O 10. Nd4 Nxd4 11. Bxd4 d5 12. exd6 Bxd6 13. Qg4 g6 14. Ne4
Bxe4 15. Qxe4 Nd7 16. Rad1 Qe7 17. Qf3 Ne5 18. Qc3 Nxc4 19. Qxc4 Bxh2+ 20. Kxh2
Qh4+ 21. Kg1 c5 22. g3 Qg4 23. Qc3 cxd4 24. Rxd4 Qf5 25. Qd2 Rac8 26. c3 Rfe8
27. Rd1 Rc7 28. Rd7 Rxd7 29. Qxd7 Re1+ 0-1

[Event "SF Beelen 1 - SC Gronau 1"]
[Site "Regionalliga 2017/2018"]
[Date "2017.12.02"]
[Round "4.7"]
[White "Reinhold, Klaus"]
[Black "Hanewinkel, Martin"]
[Result "0-1"]
[WhiteElo "1852"]
[BlackElo "1833"]
[PlyCount "74"]
[EventDate "2017.??.??"]
[SourceTitle "Verband Muensterland"]
[SourceDate "2017.09.15"]
[SourceVersion "1"]
[SourceVersionDate "2017.09.15"]
[SourceQuality "1"]

1. d4 Nf6 2. c4 c5 3. d5 e6 4. Nc3 exd5 5. cxd5 d6 6. Nf3 g6 7. Bf4 a6 8. a4
Nh5 9. Bg5 Qc7 10. e4 Bg7 11. Be2 h6 12. Be3 O-O 13. Nd2 Nf6 14. Nc4 Nbd7 15.
Bf4 Ne8 16. Qd2 Kh7 17. a5 b5 18. axb6 Nxb6 19. Na5 f5 20. exf5 Bxf5 21. O-O
Nf6 22. f3 Rfe8 23. Bg3 g5 24. Bd3 Bxd3 25. Qxd3+ Kh8 26. Rfe1 c4 27. Rxe8+
Rxe8 28. Qg6 Nbxd5 29. Ne4 Qb6+ 30. Bf2 Qxb2 31. Rf1 Qc2 32. Nc6 Qd3 33. Nd4
Nf4 34. Qf7 Ne2+ 35. Nxe2 Rf8 36. Qe7 Qxe2 37. Qxd6 Nxe4 0-1

[Event "SF Beelen 1 - SC Gronau 1"]
[Site "Regionalliga 2017/2018"]
[Date "2017.12.02"]
[Round "4.8"]
[White "Fartmann, Franz-Josef"]
[Black "Hoge, Torsten"]
[Result "1/2-1/2"]
[WhiteElo "1805"]
[BlackElo "1890"]
[PlyCount "33"]
[EventDate "2017.??.??"]
[SourceTitle "Verband Muensterland"]
[SourceDate "2017.09.15"]
[SourceVersion "1"]
[SourceVersionDate "2017.09.15"]
[SourceQuality "1"]

1. Nf3 Nf6 2. g3 b6 3. Bg2 Bb7 4. O-O e6 5. c4 Be7 6. Nc3 O-O 7. Qc2 c5 8. e4
d6 9. d4 cxd4 10. Nxd4 Qc8 11. Qe2 Nc6 12. Be3 Ne5 13. Rac1 Nfg4 14. b3 Nxe3
15. Qxe3 Qc5 16. Na4 Qa5 17. Rfd1 1/2-1/2

[Event "SK Münster 3 - SG Turm Raesfeld/Erle 1"]
[Site "Regionalliga 2017/2018"]
[Date "2017.12.02"]
[Round "4.1"]
[White "Wilger, Frank"]
[Black "Baumann, Stephan"]
[Result "1/2-1/2"]
[WhiteElo "2086"]
[BlackElo "2013"]
[PlyCount "100"]
[EventDate "2017.??.??"]
[SourceTitle "Verband Muensterland"]
[SourceDate "2017.09.15"]
[SourceVersion "1"]
[SourceVersionDate "2017.09.15"]
[SourceQuality "1"]

1. d4 Nf6 2. Nf3 c5 3. e3 e6 4. Bd3 d5 5. c3 Bd6 6. O-O O-O 7. Nbd2 Nc6 8. b3
cxd4 9. exd4 e5 10. dxe5 Nxe5 11. Nxe5 Bxe5 12. Bb2 Bg4 13. Be2 Bxe2 14. Qxe2
Re8 15. Qd3 Rc8 16. Nf3 Qd6 17. Rad1 Rc6 18. Rfe1 Qc7 19. Rc1 Rce6 20. g3 h5
21. Qf5 h4 22. Nxe5 Rxe5 23. Rxe5 Rxe5 24. Qf4 hxg3 25. hxg3 Qe7 26. c4 Re1+
27. Rxe1 Qxe1+ 28. Kg2 dxc4 29. Qxc4 Qe4+ 30. Qxe4 Nxe4 31. Kf3 Ng5+ 32. Ke3
Kf8 33. f4 Ne6 34. Ke4 Ke7 35. Ba3+ Kd7 36. Kd5 Nc7+ 37. Ke5 Nb5 38. Bb4 Nc7
39. f5 f6+ 40. Kd4 Kc6 41. Bf8 Ne8 42. a4 Kd7 43. b4 a6 44. Kc5 Kc7 45. b5 b6+
46. Kd5 axb5 47. axb5 Kd7 48. Kc4 Kc7 49. Bb4 Kd7 50. Ba3 Kc7 1/2-1/2

[Event "SK Münster 3 - SG Turm Raesfeld/Erle 1"]
[Site "Regionalliga 2017/2018"]
[Date "2017.12.02"]
[Round "4.2"]
[White "Wingenfeld, Klaus"]
[Black "Pollok, Ralf"]
[Result "0-1"]
[WhiteElo "1864"]
[BlackElo "1990"]
[PlyCount "61"]
[EventDate "2017.??.??"]
[SourceTitle "Verband Muensterland"]
[SourceDate "2017.09.15"]
[SourceVersion "1"]
[SourceVersionDate "2017.09.15"]
[SourceQuality "1"]

1. d4 Nf6 2. c4 c5 3. Nf3 cxd4 4. Nxd4 e5 5. Nb5 d5 6. Bg5 d4 7. Qb3 Nc6 8. g3
Bb4+ 9. Bd2 Be7 10. Bg2 O-O 11. O-O Be6 12. N5a3 Qd7 13. Bg5 Rfd8 14. Nd2 Rab8
15. Qa4 h6 16. Bxf6 Bxf6 17. c5 Bd5 18. Rac1 Bxg2 19. Kxg2 Qd5+ 20. Kg1 e4 21.
Qc4 Qf5 22. Nb5 Ne5 23. Qb4 Qh3 24. f3 Bg5 25. Nxe4 Bxc1 26. Rxc1 d3 27. Nf2
Qe6 28. Qd2 Nc4 29. Qc3 dxe2 30. Ne4 Rd1+ 31. Kf2 0-1

[Event "SK Münster 3 - SG Turm Raesfeld/Erle 1"]
[Site "Regionalliga 2017/2018"]
[Date "2017.12.02"]
[Round "4.3"]
[White "Gesing, Felix"]
[Black "Jensen, Sören"]
[Result "1-0"]
[WhiteElo "1988"]
[BlackElo "1874"]
[PlyCount "45"]
[EventDate "2017.??.??"]
[SourceTitle "Verband Muensterland"]
[SourceDate "2017.09.15"]
[SourceVersion "1"]
[SourceVersionDate "2017.09.15"]
[SourceQuality "1"]

1. e4 d5 2. exd5 Nf6 3. d4 Bg4 4. Nf3 Qxd5 5. Be2 Nc6 6. c4 Qh5 7. d5 O-O-O 8.
Qa4 Nxd5 9. cxd5 Rxd5 10. Be3 e5 11. Nc3 Bb4 12. O-O Ra5 13. Qc2 e4 14. Qxe4
Bd6 15. Bf4 Bf5 16. Qe3 Bc5 17. Qc1 Re8 18. Ne5 Qh4 19. Bg3 Qf6 20. Nxc6 Qxc6
21. Bf3 Qg6 22. Nd5 Bd6 23. b4 1-0

[Event "SK Münster 3 - SG Turm Raesfeld/Erle 1"]
[Site "Regionalliga 2017/2018"]
[Date "2017.12.02"]
[Round "4.4"]
[White "Hartmann, Steffen"]
[Black "Greifenberg, Daniel"]
[Result "0-1"]
[WhiteElo "1914"]
[BlackElo "2002"]
[PlyCount "108"]
[EventDate "2017.??.??"]
[SourceTitle "Verband Muensterland"]
[SourceDate "2017.09.15"]
[SourceVersion "1"]
[SourceVersionDate "2017.09.15"]
[SourceQuality "1"]

1. e4 c6 2. d4 d5 3. Nd2 dxe4 4. Nxe4 Nd7 5. Nf3 Ngf6 6. Ng3 e6 7. Bd3 Qc7 8.
O-O Bd6 9. Re1 O-O 10. Qe2 b6 11. Ne5 Bb7 12. Bg5 Rae8 13. Nh5 Nd5 14. Nxg7
Kxg7 15. Qh5 f5 16. Bh6+ Kh8 17. Bxf8 Rxf8 18. Ng6+ Kg7 19. Nxf8 Nxf8 20. c4
Nf4 21. Qg5+ N8g6 22. Bxf5 h6 23. Qg4 exf5 24. Qxf5 Bc8 25. Qe4 Kf6 26. g3 Nh3+
27. Kg2 Ng5 28. Qd3 Qd7 29. f4 Qh3+ 30. Kg1 Nxf4 31. Qf1 Bg4 32. Re3 Kg7 33.
Rae1 Qxf1+ 34. Kxf1 Bh3+ 35. Kf2 Ng2 36. Re7+ Kf6 37. Rxa7 Nxe1 38. Kxe1 Nf3+
39. Kf2 Nxd4 40. Rh7 Kg6 41. Rb7 Be6 42. Ke3 Bc5 43. Kd3 Nf3 44. Ke4 Nd2+ 45.
Ke5 Bxc4 46. b4 Bf2 47. a4 Bb3 48. a5 bxa5 49. bxa5 Nc4+ 50. Kf4 Nxa5 51. Rb4
Bc5 52. Re4 Bd5 53. Ra4 Nc4 54. h4 h5 0-1

[Event "SK Münster 3 - SG Turm Raesfeld/Erle 1"]
[Site "Regionalliga 2017/2018"]
[Date "2017.12.02"]
[Round "4.5"]
[White "Brömmel, Rudolf"]
[Black "Peters, Helmut"]
[Result "1/2-1/2"]
[WhiteElo "1913"]
[BlackElo "2000"]
[PlyCount "101"]
[EventDate "2017.??.??"]
[SourceTitle "Verband Muensterland"]
[SourceDate "2017.09.15"]
[SourceVersion "1"]
[SourceVersionDate "2017.09.15"]
[SourceQuality "1"]

1. d4 Nf6 2. Nc3 d5 3. h3 Bf5 4. e3 e6 5. Bd3 Bg6 6. Nf3 c5 7. Bxg6 hxg6 8. O-O
Nc6 9. Qe2 Ne4 10. Rd1 Nxc3 11. bxc3 Qa5 12. Bd2 c4 13. e4 Be7 14. exd5 Qxd5
15. Bf4 O-O 16. a4 a6 17. Nd2 b5 18. Rdb1 g5 19. Bg3 f5 20. f4 Bd6 21. Qf1 Ne7
22. h4 g4 23. Be1 Qc6 24. g3 Nd5 25. axb5 axb5 26. Qg2 Rxa1 27. Rxa1 Ra8 28.
Rxa8+ Qxa8 29. Qe2 Kf7 30. Nf1 Qa3 31. Qd2 b4 32. cxb4 Bxb4 33. Qe2 Qa1 34.
Bxb4 Qxd4+ 35. Qf2 Qxf2+ 36. Kxf2 Nxb4 37. Ne3 c3 38. Nd1 Nd5 39. Ke2 e5 40.
fxe5 Ke6 41. Kd3 Kxe5 42. Nf2 Nf6 43. Ke3 f4+ 44. gxf4+ Kf5 45. Nd3 Nd5+ 46.
Kf2 Nxf4 47. Nc1 Ne6 48. Ne2 Kg6 49. Nxc3 Kh5 50. Kg3 Nd4 51. Nd5 1/2-1/2

[Event "SK Münster 3 - SG Turm Raesfeld/Erle 1"]
[Site "Regionalliga 2017/2018"]
[Date "2017.12.02"]
[Round "4.7"]
[White "Bergemann, Martin"]
[Black "Kamp, Adrian"]
[Result "1/2-1/2"]
[WhiteElo "1935"]
[BlackElo "1685"]
[PlyCount "94"]
[EventDate "2017.??.??"]
[SourceTitle "Verband Muensterland"]
[SourceDate "2017.09.15"]
[SourceVersion "1"]
[SourceVersionDate "2017.09.15"]
[SourceQuality "1"]

1. d4 Nf6 2. Bg5 d5 3. Bxf6 exf6 4. e3 c5 5. Nc3 cxd4 6. Qxd4 Be6 7. Bb5+ Nc6
8. Qa4 Qb6 9. O-O-O Rd8 10. Nge2 Bc5 11. Qh4 a6 12. Ba4 O-O 13. Bb3 Ne5 14. Nd4
Qc7 15. g4 Bxd4 16. exd4 Nf3 17. Qg3 Qxg3 18. hxg3 Ng5 19. f4 Ne4 20. f5 Nxc3
21. bxc3 Bc8 22. Rde1 g6 23. Re7 Rd6 24. fxg6 hxg6 25. g5 fxg5 26. Re5 Be6 27.
Rxg5 Rc8 28. Kd2 Rdc6 29. Bxd5 Bxd5 30. Rxd5 Rxc3 31. Rd8+ Rxd8 32. Kxc3 Kg7
33. Kd3 b5 34. Re1 Kf6 35. Re5 Rc8 36. a4 bxa4 37. Ra5 Rc6 38. c4 Rb6 39. Rxa4
Rb3+ 40. Ke4 Rxg3 41. Kf4 Rg1 42. Rxa6+ Ke7 43. c5 Kd7 44. d5 Rf1+ 45. Ke5 Re1+
46. Kf6 Rf1+ 47. Kg7 Rf5 1/2-1/2

[Event "SK Münster 3 - SG Turm Raesfeld/Erle 1"]
[Site "Regionalliga 2017/2018"]
[Date "2017.12.02"]
[Round "4.8"]
[White "Toval, David"]
[Black "Bölker, Franz"]
[Result "1-0"]
[WhiteElo "1759"]
[BlackElo "1799"]
[PlyCount "83"]
[EventDate "2017.??.??"]
[SourceTitle "Verband Muensterland"]
[SourceDate "2017.09.15"]
[SourceVersion "1"]
[SourceVersionDate "2017.09.15"]
[SourceQuality "1"]

1. e4 c5 2. c3 d5 3. exd5 Qxd5 4. d4 Nf6 5. Nf3 e6 6. Bd3 Be7 7. O-O O-O 8. Qc2
c4 9. Be2 Nc6 10. Nbd2 b5 11. a4 Ba6 12. axb5 Bxb5 13. Qb1 Nd7 14. Ne1 Nb6 15.
Nc2 e5 16. Ne3 Qe6 17. Bf3 exd4 18. cxd4 Qf6 19. Ne4 Qxd4 20. Nf5 Qe5 21. Nc3
Rad8 22. Nxb5 Qxb5 23. Bxc6 Qb4 24. Be4 Bf6 25. Ne3 Qc5 26. Bxh7+ Kh8 27. Qf5
Qxf5 28. Bxf5 g6 29. Be4 Rd7 30. Rd1 Rfd8 31. Rxd7 Rxd7 32. g3 Bg7 33. Kg2 f5
34. Bf3 Rc7 35. Nd5 Nxd5 36. Bxd5 Rc5 37. Bf7 Rb5 38. Rxa7 Bxb2 39. Bxc4 Rb4
40. Bxb2+ Rxb2 41. Bf7 Kg7 42. Be8+ 1-0

[Event "SC Klein-Berlin Rheine 1 - SF Neuenkirc"]
[Site "Regionalliga 2017/2018"]
[Date "2017.12.02"]
[Round "4.1"]
[White "Wilde, Pierre"]
[Black "Brümmer, Frank"]
[Result "1/2-1/2"]
[WhiteElo "2240"]
[BlackElo "2160"]
[PlyCount "27"]
[EventDate "2017.??.??"]
[SourceTitle "Verband Muensterland"]
[SourceDate "2017.09.15"]
[SourceVersion "1"]
[SourceVersionDate "2017.09.15"]
[SourceQuality "1"]

1. c4 c6 2. d4 d5 3. cxd5 cxd5 4. Nf3 Nf6 5. Nc3 Nc6 6. Bf4 a6 7. e3 Bg4 8. Be2
e6 9. h3 Bxf3 10. Bxf3 Bd6 11. Bxd6 Qxd6 12. Rc1 O-O 13. O-O b5 14. Qe2 1/2-1/2

[Event "SC Klein-Berlin Rheine 1 - SF Neuenkirc"]
[Site "Regionalliga 2017/2018"]
[Date "2017.12.02"]
[Round "4.3"]
[White "Hachmeister, Dirk"]
[Black "Langhanke, Günther"]
[Result "1-0"]
[WhiteElo "2143"]
[BlackElo "1960"]
[PlyCount "133"]
[EventDate "2017.??.??"]
[SourceTitle "Verband Muensterland"]
[SourceDate "2017.09.15"]
[SourceVersion "1"]
[SourceVersionDate "2017.09.15"]
[SourceQuality "1"]

1. Nf3 d5 2. c4 c6 3. b3 Nf6 4. Bb2 Bf5 5. g3 e6 6. Bg2 h6 7. O-O Be7 8. d3 O-O
9. Nbd2 a5 10. a3 Nbd7 11. Qc2 Bh7 12. Rfc1 Ne8 13. Ne5 Nxe5 14. Bxe5 Bf6 15.
Nf3 Bxe5 16. Nxe5 Qd6 17. Qb2 Nf6 18. b4 axb4 19. axb4 Nd7 20. Nxd7 Qxd7 21.
Qd4 Rfd8 22. Qc5 Bf5 23. h3 Kh7 24. g4 Bg6 25. Bf3 Rxa1 26. Rxa1 dxc4 27. Qxc4
f5 28. Rb1 Be8 29. Qc5 Ra8 30. Qe5 Qf7 31. Rc1 Kh8 32. Rc4 Kh7 33. Rf4 g6 34.
Rc4 Qe7 35. b5 Ra5 36. Qb8 Rxb5 37. Rd4 Rd5 38. Bxd5 cxd5 39. Qe5 Bc6 40. gxf5
gxf5 41. e3 b5 42. Kh2 b4 43. Qf4 Bb5 44. Rxb4 Bxd3 45. Qb8 Kg6 46. Rb7 Qf6 47.
Qe8+ Kg5 48. f4+ Kh4 49. Qe7 Qxe7 50. Rxe7 Bf1 51. Rxe6 h5 52. Re5 Bxh3 53.
Rxd5 Bg4 54. Rc5 Bh3 55. Re5 Bg4 56. Kg2 Bh3+ 57. Kf2 Kg4 58. Re8 Kh4 59. Rc8
Kg4 60. Rc1 Kh4 61. Rh1 Kg4 62. Rh2 Kh4 63. e4 fxe4 64. f5 e3+ 65. Kxe3 Kg3 66.
Rxh3+ Kxh3 67. f6 1-0

[Event "SC Klein-Berlin Rheine 1 - SF Neuenkirc"]
[Site "Regionalliga 2017/2018"]
[Date "2017.12.02"]
[Round "4.4"]
[White "Brümmer, Andreas"]
[Black "Seegers, Hendrik"]
[Result "0-1"]
[WhiteElo "1935"]
[BlackElo "2109"]
[PlyCount "160"]
[EventDate "2017.??.??"]
[SourceTitle "Verband Muensterland"]
[SourceDate "2017.09.15"]
[SourceVersion "1"]
[SourceVersionDate "2017.09.15"]
[SourceQuality "1"]

1. d4 d5 2. c4 e6 3. Nf3 c6 4. Qc2 f5 5. Bf4 Nf6 6. e3 Bb4+ 7. Nc3 O-O 8. Bd3
Ne4 9. Rc1 Nd7 10. h3 g5 11. Bxe4 gxf4 12. Bd3 fxe3 13. fxe3 Bd6 14. O-O Nf6
15. cxd5 Nxd5 16. Qe2 Qf6 17. Bc4 Qh6 18. Rce1 Bg3 19. Ne5 Qg7 20. Rd1 Bxe5 21.
dxe5 Qxe5 22. e4 Nb6 23. Bb3 Kh8 24. Rf3 Bd7 25. Rfd3 Be8 26. exf5 Qxe2 27.
Nxe2 exf5 28. Nf4 Bf7 29. Bxf7 Rxf7 30. Kf2 Re8 31. g3 Kg7 32. b3 Rfe7 33. a4
Re5 34. R1d2 Kf7 35. Kf3 R8e7 36. Kf2 a5 37. Kf3 Na8 38. g4 Nc7 39. gxf5 Rxf5
40. Kg4 Rf6 41. h4 Ne6 42. Nxe6 Rfxe6 43. Rf2+ Kg6 44. h5+ Kg7 45. Rf4 Rf6 46.
Rfd4 Kh6 47. Rc3 Re5 48. Rd7 Rg5+ 49. Kh3 Rxh5+ 50. Kg2 Rg5+ 51. Kh1 Rh5+ 52.
Kg2 Rg6+ 53. Kf2 b6 54. Rf3 Rh2+ 55. Ke3 Re6+ 56. Kd3 Rh5 57. Kc3 b5 58. axb5
cxb5 59. Rff7 Rh3+ 60. Kb2 Re2+ 61. Ka3 b4+ 62. Ka4 Ra2+ 63. Kb5 Rxb3 64. Rxh7+
Kg6 65. Rhg7+ Kf6 66. Rgf7+ Kg5 67. Rg7+ Kf4 68. Rdf7+ Ke5 69. Re7+ Kd4 70.
Rd7+ Kc3 71. Rg3+ Kb2 72. Rg2+ Ka3 73. Rxa2+ Kxa2 74. Kxa5 Ka3 75. Rd1 Rh3 76.
Ra1+ Kb2 77. Rg1 b3 78. Rg2+ Ka3 79. Kb5 b2 80. Rg1 Ka2 0-1

[Event "SC Klein-Berlin Rheine 1 - SF Neuenkirc"]
[Site "Regionalliga 2017/2018"]
[Date "2017.12.02"]
[Round "4.5"]
[White "Haves, Reinhard"]
[Black "Langhans, Jörg"]
[Result "1/2-1/2"]
[WhiteElo "2089"]
[BlackElo "1937"]
[PlyCount "132"]
[EventDate "2017.??.??"]
[SourceTitle "Verband Muensterland"]
[SourceDate "2017.09.15"]
[SourceVersion "1"]
[SourceVersionDate "2017.09.15"]
[SourceQuality "1"]

1. Nf3 d5 2. d4 Nf6 3. g3 e6 4. Bg2 Be7 5. O-O O-O 6. c4 dxc4 7. Qc2 Nc6 8.
Qxc4 Qd5 9. Qa4 Bd7 10. Nc3 Qa5 11. Qb5 Qxb5 12. Nxb5 Rfc8 13. Bd2 Nb4 14. Nc3
Bc6 15. Rfc1 Ne4 16. Be1 Ng5 17. Ne5 Bxg2 18. Kxg2 f6 19. Nf3 Nxf3 20. Kxf3 c5
21. dxc5 Rxc5 22. Ne4 Rcc8 23. Nc3 Nc6 24. Rd1 Rd8 25. e3 Nb4 26. Ke2 Nc2 27.
Rac1 Nxe1 28. Kxe1 Rac8 29. Ke2 Rxd1 30. Rxd1 Rd8 31. Rxd8+ Bxd8 32. Nb5 a6 33.
Nd6 b6 34. Kd3 Bc7 35. Ne4 Kf7 36. Kc4 Ke7 37. a4 Kd7 38. b4 h5 39. f4 Bd8 40.
b5 a5 41. Nf2 Be7 42. Nd3 Bd6 43. e4 Bc7 44. Kd4 Bd8 45. h3 Be7 46. g4 hxg4 47.
hxg4 g6 48. f5 gxf5 49. gxf5 Bd6 50. Kc4 Bg3 51. Kd4 Kd6 52. Kc4 exf5 53. exf5
Be5 54. Nf2 Ba1 55. Ng4 Bb2 56. Kb3 Bd4 57. Kc4 Bb2 58. Ne3 Ke5 59. Nd5 Kxf5
60. Nxb6 Ke5 61. Kd3 Ke6 62. Nc4 Bc1 63. Nxa5 Kd5 64. Nb3 Bf4 65. a5 Bc7 66. b6
Bxb6 1/2-1/2

[Event "SC Klein-Berlin Rheine 1 - SF Neuenkirc"]
[Site "Regionalliga 2017/2018"]
[Date "2017.12.02"]
[Round "4.6"]
[White "Kornick, Ulrich"]
[Black "Scho, Christian"]
[Result "1/2-1/2"]
[WhiteElo "1919"]
[BlackElo "2063"]
[PlyCount "87"]
[EventDate "2017.??.??"]
[SourceTitle "Verband Muensterland"]
[SourceDate "2017.09.15"]
[SourceVersion "1"]
[SourceVersionDate "2017.09.15"]
[SourceQuality "1"]

1. d4 d5 2. Nf3 Nf6 3. c4 c6 4. Nc3 a6 5. cxd5 cxd5 6. Bf4 Nc6 7. e3 Bg4 8. Be2
e6 9. h3 Bxf3 10. Bxf3 Bd6 11. O-O Bxf4 12. exf4 Qb6 13. f5 O-O 14. fxe6 fxe6
15. Ne2 Kh8 16. a4 Rad8 17. Ra3 Rfe8 18. Rb3 Qa7 19. g3 e5 20. dxe5 Rxe5 21.
Qc1 Rde8 22. Nf4 Nd4 23. Rd3 Nxf3+ 24. Rxf3 Ne4 25. Kg2 Nf6 26. Rd1 Qb6 27. Qc3
Ne4 28. Qd4 Qh6 29. h4 Nf6 30. Qb6 Rf5 31. Qxb7 Nh5 32. Rxd5 Nxf4+ 33. Rxf4
Rxf4 34. gxf4 Qxf4 35. Rg5 Qf6 36. Qf3 Qxb2 37. Rf5 Qb4 38. a5 h6 39. h5 Qe7
40. Qf4 Qb7+ 41. Qf3 Qb4 42. Kh3 Rc8 43. Kg2 Rd8 44. Rf4 1/2-1/2

[Event "SC Klein-Berlin Rheine 1 - SF Neuenkirc"]
[Site "Regionalliga 2017/2018"]
[Date "2017.12.02"]
[Round "4.7"]
[White "Rieke, Theo"]
[Black "Averkamp-Peters, Jens"]
[Result "0-1"]
[WhiteElo "1947"]
[BlackElo "1908"]
[PlyCount "70"]
[EventDate "2017.??.??"]
[SourceTitle "Verband Muensterland"]
[SourceDate "2017.09.15"]
[SourceVersion "1"]
[SourceVersionDate "2017.09.15"]
[SourceQuality "1"]

1. Nf3 d5 2. d4 c5 3. c3 Nc6 4. dxc5 e5 5. b4 e4 6. Nd4 Nf6 7. Bf4 Nh5 8. Nxc6
bxc6 9. Be5 e3 10. Bd4 exf2+ 11. Bxf2 Qg5 12. Nd2 Be7 13. Nf3 Qg6 14. g3 O-O
15. Bd4 Re8 16. Bg2 f5 17. Qd3 a5 18. b5 Bf6 19. a4 Ra7 20. O-O Rae7 21. Rae1
Qg4 22. e3 Re4 23. Nd2 f4 24. Bf3 Qh3 25. Nxe4 dxe4 26. Bxe4 fxg3 27. hxg3
Qxg3+ 28. Bg2 Nf4 29. Qd2 Nh3+ 30. Kh1 Bh4 31. e4 Bg5 32. Qc2 Bf4 33. Bxh3
Qxh3+ 34. Kg1 Re6 35. Qg2 Rg6 0-1

[Event "SC Klein-Berlin Rheine 1 - SF Neuenkirc"]
[Site "Regionalliga 2017/2018"]
[Date "2017.12.02"]
[Round "4.8"]
[White "Hemmert, Michael"]
[Black "Beckmann, Klaus"]
[Result "1/2-1/2"]
[WhiteElo "1816"]
[BlackElo "2072"]
[PlyCount "60"]
[EventDate "2017.??.??"]
[SourceTitle "Verband Muensterland"]
[SourceDate "2017.09.15"]
[SourceVersion "1"]
[SourceVersionDate "2017.09.15"]
[SourceQuality "1"]

1. d4 Nf6 2. Bf4 e6 3. e3 c5 4. c3 Nc6 5. Nd2 d5 6. Ngf3 Bd6 7. Ne5 Qc7 8. Ndf3
O-O 9. Bd3 cxd4 10. exd4 Ne4 11. Bg3 h6 12. Nxc6 bxc6 13. Bxd6 Nxd6 14. O-O c5
15. Rc1 Rb8 16. Qe2 c4 17. Bb1 a5 18. Ne5 Re8 19. Qc2 f5 20. Rce1 Bd7 21. f3
Rb6 22. Qf2 Reb8 23. Re2 Be8 24. g4 Qb7 25. Qh4 a4 26. a3 Rxb2 27. Rxb2 Qxb2
28. Qe7 Qxa3 29. gxf5 exf5 30. Bxf5 Bh5 1/2-1/2